Normal view
MARC view
- Winterbotham, Harold St. John Loyd
Entry Personal Name
001 - CONTROL NUMBER
- control field: 39717
003 - CONTROL NUMBER IDENTIFIER
- control field: NUST
005 - DATE AND TIME OF LATEST TRANSACTION
- control field: 20210314131523.0
008 - FIXED-LENGTH DATA ELEMENTS
- fixed length control field: 210314|| aca||aabn | a|a d
040 ## - CATALOGING SOURCE
- Original cataloging agency: NUST
- Transcribing agency: NUST
100 ## - HEADING--PERSONAL NAME
- Personal name: Winterbotham, Harold St. John Loyd
670 ## - SOURCE DATA FOUND
- Source citation: Work cat.: (NUST): Great Britain. 39715, Survey computations to be used in conjunction with the Text book of topographical and geographical surveying., 1927.
